Les animaux mâles et leurs femelles - Statistiques

Statistiques générales
  • Ce quiz a été pris 1 219 fois
  • Le résultat moyen est 29 sur 39
Statistiques - réponses
Mâle Femelle % Correct
chat chatte
97%
chien chienne
97%
coq poule
97%
lapin lapine
96%
lion lionne
96%
taureau, boeuf vache
96%
loup louve
95%
cheval jument
93%
tigre tigresse
93%
éléphant éléphante
92%
renard renarde
91%
âne ânesse
90%
cerf biche
89%
bouc chèvre
89%
rat rate
88%
chameau chamelle
86%
pigeon pigeonne
86%
dindon dinde
84%
canard cane
83%
ours ourse
83%
porc truie
83%
singe guenon
73%
bison bisonne
72%
jars oie
72%
hérisson hérissonne
68%
paon paonne
68%
faisan faisane
67%
bélier brebis
64%
merle merlette
63%
serin serine
63%
sanglier laie
60%
manchot manchote
59%
héron hérone
57%
buffle bufflonne
52%
lièvre hase
49%
oiseau oiselle
47%
chevreuil chevrette
43%
moineau moinelle
35%
daim daine
29%
Aucun quiz correspondant
Distribution des résultats
% des personnes avec chaque résultat
Percentile par nombre de réponses
Votre historique - résultats
Vous n’avez pas pris ce quiz